000 01515nam0a2200313 4500
001 RU\NLR\BIBL_A\012882082
005 20221027103740.0
010 _a978-5-04-165462-7
_93000
021 _aRU
_bКН-П-22-045240
_9КН-П-22-3907
035 _a(NLR Aleph) 012882082
090 _a12523250
_c12523250
100 _a20220905d2022 u y0rusy50 ca
101 1 _arus
_cund
102 _aRU
105 _aa|||z|||000ay
200 1 _aРубайат
_fОмар Хайам
_gв классическом переводе Германа Плисецкого
210 _aМосква
_cЭксмо
_d2022
215 _a285, [1] с.
_cил.
_d17
225 1 _aЗолотая серия поэзии
_fразраб. Алисы Самойловой
333 _a16+
604 _1700#0$aОмар Хайям$fок.1048 - ок.1122
_15010#$aРубаи$2nlr_sh1$2nlr_sh2$3RU\NLR\AUTH\661286404
686 1 _aШ5(0)952.314-4Омар Хайям535
700 0 _aОмар Хайям
_f1048-1131
_3RU\NLR\AUTH\774823
702 1 _aПлисецкий
_bГ. Б.
_cпоэт, переводчик
_f1931-1992
_gГерман Борисович
_3RU\NLR\AUTH\7784532
_4730
942 _cBOOK
980 _aNB